Sports Quiz

Random Sports or Soccer Quiz

2016 MLS All-Star Game Roster Quiz Stats

 Plays Quiz not verified by Sporcle

Support Sporcle.
Go Orange.
Score 0/28 Timer 05:00
0 Plays Today
Position Player % Correct
ForwardClint Dempsey
100%
ForwardDavid Villa
87.5%
ForwardSebastian Giovinco
87.5%
MidfielderAndrea Pirlo
75%
MidfielderKyle Beckerman
75%
MidfielderKaká
75%
ForwardIgnacio Piatti
75%
Defender (did not participate)Matt Besler
62.5%
MidfielderDarlington Nagbe
62.5%
MidfielderGiovani dos Santos
62.5%
ForwardChris Wondolowski
62.5%
ForwardDidier Drogba
62.5%
MidfielderMauro Diaz
62.5%
GoalkeeperDavid Bingham
50%
Position Player % Correct
GoalkeeperAndre Blake
50%
DefenderAndrew Farrell
50%
DefenderSteve Birnbaum
50%
DefenderKellyn Acosta
50%
MidfielderSacha Kljestan
50%
ForwardCyle Larin
50%
Defender (did not participate)Liam Ridgewell
50%
DefenderBrandon Vincent
37.5%
DefenderLaurent Ciman
37.5%
DefenderJelle Van Damme
37.5%
Midfielder (did not participate)Jermaine Jones
37.5%
MidfielderKendall Waston
25%
MidfielderWil Trapp
25%
DefenderKeegan Rosenberry
12.5%

You're not logged in!

Compare scores with friends on all Sporcle quizzes.
OR
Log In

From the Vault

10 to 1: Dogs

by senordingdong

Having 10 dogs to 1 anything is an ideal ratio.
Remove Ads.
Support Sporcle.
Get the best of Sporcle when you Go Orange. This ad-free experience offers more features, more stats, and more fun while also helping to support Sporcle. Thank you for becoming a member.

Show Comments

Extras

Top Quizzes Today


Score Distribution

Your Account Isn't Verified!

In order to create a playlist on Sporcle, you need to verify the email address you used during registration. Go to your Sporcle Settings to finish the process.

Report this User

Report this user for behavior that violates our Community Guidelines.

Details: